| 000 | 00438nam a22001817a 4500 | ||
|---|---|---|---|
| 999 |
_c532560 _d532560 |
||
| 003 | NUST | ||
| 005 | 20191125153245.0 | ||
| 008 | 191125b ||||| |||| 00| 0 eng d | ||
| 020 | _a978-9380027586 | ||
| 024 | _a9380027583 | ||
| 038 | _aMSOHAIL | ||
| 082 | _a0 | ||
| 100 |
_aParbin Singh _926141 |
||
| 245 | _aPrinciple of Tunnelling Ports & Harbours | ||
| 260 |
_aIndia _b s k kataria _cc2009 |
||
| 300 | _ap;278 | ||
| 942 |
_2ddc _cBK |
||